000 00567ntaaa2200205 4500
003 01
005 20251027202012.0
008 0714s1973 ag 01
020 _a843010874X
040 _aAR-BaBN
_bspa
_cAR-BaBN
_eaacr
_dRIC
082 _a261.1000 M56m
100 _aMetz, Johann Baptist
_918609
245 _aMas alla de la religion burguesa: sobre el futuro del cristianismo.
250 _a1 ed.
260 _aSalamanca :
_bSigueme,
_c1982
300 _a116 p. ;
_c21 cm.
500 _acontiene bibliografĂ­as
650 _aTeologĂ­a Social
_92067
942 _cBK
999 _c14769
_d14769